[Event "SLO-chT1 Ost"]
[Site "Sentjur"]
[Date "2011.10.13"]
[Round "1"]
[White "Stavanja, Milan"]
[Black "Smon, Gregor"]
[Result "1-0"]
[WhiteElo "2179"]
[BlackElo "1972"]
[PlyCount "78"]
[EventDate "2011.10.13"]
[EventType "team-tourn"]
[EventRounds "9"]
[EventCountry "SLO"]
[SourceTitle "EXT 2022"]
[Source "ChessBase"]
[SourceDate "2021.10.06"]
[SourceVersion "1"]
[SourceVersionDate "2021.10.06"]
[SourceQuality "1"]
[WhiteTeam "Maribor Kovinar Nova"]
[BlackTeam "Slovenj Gradec"]
[WhiteTeamCountry "SLO"]
[BlackTeamCountry "SLO"]

1. e4 e5 2. Nf3 Nc6 3. Bc4 Nf6 4. d3 Bc5 5. Bg5 h6 6. Bh4 d6 7. h3 Na5 8. Nbd2 c6 9. 0-0 g5 10. Bg3 Nxc4 11. Nxc4 Be6 12. Ne3 Nh5 13. d4 Bb6 14. Bh2 exd4 15. Nxd4 Nf4 16. Nef5 Bc4 17. Nxc6 Qc7 18. Nxd6+ Kf8 19. Nxc4 Qxc6 20. Qd6+ Qxd6 21. Nxd6 Rd8 22. Rad1 Kg7 23. c4 Kf6 24. Rfe1 Rd7 25. Ne8+ Ke7 26. Rxd7+ Kxd7 27. Nf6+ Kc6 28. Bxf4 gxf4 29. Nd5 Bd4 30. b3 Be5 31. Kf1 a5 32. Ke2 a4 33. Kf3 axb3 34. axb3 Kc5 35. Nxf4 Ra8 36. Nd3+ Kd4 37. Nxe5 Kxe5 38. Ke3 Ra3 39. f4+ Ke6 1-0

[Event "SLO-chT1 Ost"]
[Site "Sentjur"]
[Date "2010.11.04"]
[Round "1"]
[White "Stavanja, Milan"]
[Black "Pesec, Franc"]
[Result "1/2-1/2"]
[WhiteElo "2188"]
[BlackElo "2150"]
[PlyCount "30"]
[EventDate "2010.11.04"]
[EventType "team-tourn"]
[EventRounds "9"]
[EventCountry "SLO"]
[SourceTitle "EXT 2022"]
[Source "ChessBase"]
[SourceDate "2021.10.06"]
[SourceVersion "1"]
[SourceVersionDate "2021.10.06"]
[SourceQuality "1"]
[WhiteTeam "Maribor Kovinar Nova"]
[BlackTeam "Celjski"]
[WhiteTeamCountry "SLO"]
[BlackTeamCountry "SLO"]

1. e4 e5 2. Nf3 Nc6 3. Bc4 Nf6 4. d3 Be7 5. Nc3 0-0 6. 0-0 d6 7. h3 a6 8. Be3 Be6 9. Bxe6 fxe6 10. d4 exd4 11. Nxd4 Nxd4 12. Qxd4 b5 13. e5 c5 14. Qd3 dxe5 15. Qe2 Qc7 1/2-1/2

[Event "SLO-chT1 West"]
[Site "Sentjur"]
[Date "2009.11.06"]
[Round "6"]
[White "Stavanja, Milan"]
[Black "Gorsek, Gregor"]
[Result "1-0"]
[WhiteElo "2197"]
[BlackElo "2048"]
[PlyCount "49"]
[EventDate "2009.10.22"]
[EventType "team-tourn"]
[EventRounds "9"]
[EventCountry "SLO"]
[SourceTitle "EXT 2010"]
[Source "ChessBase"]
[SourceDate "2010.11.25"]
[SourceVersion "1"]
[SourceVersionDate "2010.11.25"]
[SourceQuality "1"]

1. e4 g6 2. d4 Bg7 3. Bc4 d6 4. Nf3 Nf6 5. Nc3 0-0 6. Qe2 c6 7. h3 b5 8. Bd3 b4 9. Na4 Nbd7 10. a3 bxa3 11. Rxa3 Nb6 12. 0-0 Nfd7 13. e5 Nxa4 14. Rxa4 Nb6 15. Ra3 d5 16. Bd2 h6 17. Nh2 Be6 18. f4 Qd7 19. f5 Bxf5 20. Bxf5 gxf5 21. Rg3 Kh7 22. Qh5 Qe6 23. Rxf5 Qg6 24. Ng4 e6 25. Nf6+ 1-0

[Event "SLO-chT1 East"]
[Site "Celje"]
[Date "2008.12.20"]
[Round "8"]
[White "Stavanja, Milan"]
[Black "Peric, Bernard"]
[Result "0-1"]
[WhiteElo "2237"]
[BlackElo "1840"]
[PlyCount "90"]
[EventDate "2008.11.20"]
[EventType "team-tourn"]
[EventRounds "9"]
[EventCountry "SLO"]
[SourceTitle "EXT 2010"]
[Source "ChessBase"]
[SourceDate "2010.11.25"]
[SourceVersion "1"]
[SourceVersionDate "2010.11.25"]
[SourceQuality "1"]

1. e4 e6 2. d4 d5 3. Nd2 Nf6 4. e5 Nfd7 5. Ngf3 c5 6. c3 Nc6 7. Be2 Qb6 8. Qa4 cxd4 9. cxd4 Qb4 10. Bb5 Qxa4 11. Bxa4 Nb6 12. Bb5 Bd7 13. Be2 Rc8 14. a3 Na5 15. 0-0 Be7 16. b4 Nac4 17. Nb3 Bb5 18. Re1 Na4 19. Nc5 b6 20. Nxa4 Bxa4 21. Bg5 f6 22. exf6 gxf6 23. Bf4 Kd7 24. Rec1 a5 25. Bxc4 dxc4 26. bxa5 b5 27. Bd2 Ra8 28. Bb4 Bd8 29. Nd2 f5 30. Rc3 Bxa5 31. Rg3 Bxb4 32. axb4 Bc2 33. Rga3 Rxa3 34. Rxa3 Bd3 35. Nf3 Rc8 36. h4 Kd6 37. Ne5 Be4 38. f3 Bb7 39. Kf2 Kd5 40. Ke3 f4+ 41. Kxf4 Kxd4 42. Nd7 c3 43. Nc5 Rxc5 44. bxc5 c2 45. Ra1 b4 0-1

[Event "SLO-chT1 East"]
[Site "Celje"]
[Date "2008.12.19"]
[Round "6"]
[White "Ivanec, Dezider"]
[Black "Stavanja, Milan"]
[Result "1-0"]
[WhiteElo "2171"]
[BlackElo "2237"]
[PlyCount "73"]
[EventDate "2008.11.20"]
[EventType "team-tourn"]
[EventRounds "9"]
[EventCountry "SLO"]
[SourceTitle "EXT 2010"]
[Source "ChessBase"]
[SourceDate "2010.11.25"]
[SourceVersion "1"]
[SourceVersionDate "2010.11.25"]
[SourceQuality "1"]

1. e4 c5 2. Nc3 Nc6 3. f4 g6 4. Nf3 Bg7 5. Bb5 Qc7 6. d3 e6 7. Bxc6 Qxc6 8. 0-0 Ne7 9. Qe1 d6 10. Qh4 b5 11. Ne2 Bb7 12. Ng3 f6 13. f5 exf5 14. exf5 0-0-0 15. a4 Kb8 16. axb5 Qxb5 17. Qa4 Qxa4 18. Rxa4 Nd5 19. Bd2 Nb6 20. Ra2 Rhe8 21. Rfa1 Bxf3 22. gxf3 Rd7 23. Ne4 g5 24. f4 h6 25. c4 Nxc4 26. Bc3 Ne3 27. fxg5 hxg5 28. Nxd6 Ree7 29. Ne4 Nxf5 30. Nxc5 Rd5 31. Ra5 Ka8 32. Ne4 Ne3 33. Bb4 Rb7 34. Bc5 Bh8 35. Bxe3 Rxd3 36. Bxa7 Rf7 37. Bf2+ 1-0

[Event "SLO-chT1 East"]
[Site "Celje"]
[Date "2007.11.09"]
[Round "2"]
[White "Ocepek, Martin"]
[Black "Stavanja, Milan"]
[Result "0-1"]
[WhiteElo "1932"]
[BlackElo "2242"]
[PlyCount "82"]
[EventDate "2007.11.11"]
[EventType "team-tourn"]
[EventRounds "9"]
[EventCountry "SLO"]
[SourceTitle "EXT 2010"]
[Source "ChessBase"]
[SourceDate "2010.11.25"]
[SourceVersion "1"]
[SourceVersionDate "2010.11.25"]
[SourceQuality "1"]

1. d4 Nf6 2. Nf3 g6 3. c4 Bg7 4. Nc3 d6 5. e4 0-0 6. h3 c5 7. Be3 Qa5 8. Bd3 Nc6 9. 0-0 cxd4 10. Nxd4 Bd7 11. c5 Nxd4 12. Bxd4 dxc5 13. Bxf6 exf6 14. Nd5 Rad8 15. Qf3 Be6 16. Bc4 Kh8 17. Qb3 Rd7 18. Rac1 a6 19. Nb6 Rd6 20. Nd5 b5 21. Be2 c4 22. Qc2 Qxa2 23. Ra1 Qb3 24. Qxb3 cxb3 25. Ra3 f5 26. Nc7 Bxb2 27. Nxe6 Bxa3 28. Nxf8 Rd2 29. Bf3 fxe4 30. Nxg6+ hxg6 31. Bxe4 f5 32. Bb1 Bc5 33. g4 fxg4 34. hxg4 Kg7 35. Kg2 a5 36. Rc1 Bxf2 37. Rc7+ Kf6 38. Rc6+ Ke5 39. Rxg6 Bc5+ 40. Kf3 a4 41. Bf5 a3 0-1

[Event "SLO-chT East"]
[Site "Slovenia"]
[Date "2005.10.23"]
[Round "5.3"]
[White "Stavanja, Milan"]
[Black "Cigan, Stefan"]
[Result "0-1"]
[WhiteElo "2246"]
[BlackElo "2333"]
[PlyCount "100"]
[EventDate "2005.10.19"]
[EventType "team"]
[EventRounds "9"]
[EventCountry "SLO"]
[SourceTitle "EXT 2009"]
[Source "ChessBase"]
[SourceDate "2008.11.26"]
[SourceVersion "1"]
[SourceVersionDate "2008.11.26"]
[SourceQuality "1"]

1. e4 d5 2. exd5 Qxd5 3. Nc3 Qd6 4. d4 Nf6 5. Nf3 Bg4 6. Be2 Nc6 7. Nb5 Qd7 8. Bf4 Nd5 9. Bg3 a6 10. Na3 e6 11. Nc4 Bb4+ 12. Kf1 0-0-0 13. Nce5 Nxe5 14. Nxe5 Bxe2+ 15. Qxe2 Qe8 16. c4 Ne7 17. a3 Bd6 18. Rd1 Nf5 19. Nf3 Qc6 20. Bxd6 Rxd6 21. Ne5 Qe8 22. Qe4 f6 23. Nf3 Qg6 24. Re1 Rhd8 25. c5 Rd5 26. Qxe6+ Kb8 27. c6 R5d6 28. Qe4 Nxd4 29. Nxd4 Rxd4 30. Qxg6 hxg6 31. h4 Rd2 32. b3 R8d3 33. h5 gxh5 34. Rxh5 Rxb3 35. Rh8+ Ka7 36. cxb7 Kxb7 37. Rg8 Rbb2 38. Rxg7 Rxf2+ 39. Kg1 Kb6 40. Rc1 c5 41. Rg8 Rbc2 42. Rxc2 Rxc2 43. Rf8 c4 44. Rxf6+ Kc5 45. g4 c3 46. Rf8 Rd2 47. Rc8+ Kd4 48. Rd8+ Ke3 49. Re8+ Kf4 50. Kf1 c2 0-1

[Event "SLO-chT East"]
[Site "Slovenia"]
[Date "2005.10.22"]
[Round "3.3"]
[White "Mitrovic, Boris"]
[Black "Stavanja, Milan"]
[Result "1/2-1/2"]
[WhiteElo "2077"]
[BlackElo "2246"]
[PlyCount "149"]
[EventDate "2005.10.19"]
[EventType "team"]
[EventRounds "9"]
[EventCountry "SLO"]
[SourceTitle "EXT 2009"]
[Source "ChessBase"]
[SourceDate "2008.11.26"]
[SourceVersion "1"]
[SourceVersionDate "2008.11.26"]
[SourceQuality "1"]

1. e4 c5 2. Nf3 Nc6 3. d4 cxd4 4. Nxd4 Nf6 5. Nc3 d6 6. Bg5 e5 7. Ndb5 a6 8. Na3 Be7 9. Nc4 Be6 10. Bxf6 gxf6 11. Nd5 f5 12. exf5 Bxf5 13. Nxe7 Kxe7 14. Ne3 Be6 15. Nd5+ Kf8 16. Bc4 Rg8 17. g3 Nd4 18. Ne3 Bxc4 19. Nxc4 Qc7 20. Ne3 Qc6 21. Kd2 Qb5 22. b3 Rc8 23. c3 Ne6 24. Kc2 Qc5 25. Qd2 Nd4+ 26. Kb2 Nf3 27. Qd3 e4 28. Qc2 Ne5 29. Rad1 Nd3+ 30. Rxd3 exd3 31. Qxd3 Rg6 32. Rd1 b5 33. Rd2 b4 34. c4 Qe5+ 35. Qd4 Qxd4+ 36. Rxd4 Re8 37. Rd2 Re5 38. Nd5 a5 39. Nf4 Rf6 40. Kc2 Ke8 41. Kd3 Kd7 42. Re2 Rxe2 43. Kxe2 Rf5 44. Nd5 Re5+ 45. Ne3 Kc6 46. f4 Re8 47. Kd3 Kc5 48. g4 a4 49. h4 axb3 50. axb3 Ra8 51. Nc2 Ra2 52. g5 Rb2 53. Nd4 Rh2 54. Nf3 Rb2 55. Nd2 d5 56. f5 dxc4+ 57. bxc4 Kd6 58. h5 Ke5 59. g6 fxg6 60. fxg6 hxg6 61. hxg6 Kf6 62. c5 b3 63. c6 Rc2 64. Nxb3 Rxc6 65. Nd4 Rd6 66. Ke4 Kxg6 67. Ke5 Ra6 68. Ke4 Kf6 69. Kd5 Ra5+ 70. Ke4 Rc5 71. Kf4 Re5 72. Nf3 Re2 73. Nd4 Re1 74. Nf5 Ra1 75. Ke4 1/2-1/2

[Event "SLO-chT East"]
[Site "Slovenia"]
[Date "2005.10.22"]
[Round "4.3"]
[White "Pesec, Franc"]
[Black "Stavanja, Milan"]
[Result "1/2-1/2"]
[WhiteElo "2232"]
[BlackElo "2246"]
[PlyCount "20"]
[EventDate "2005.10.19"]
[EventType "team"]
[EventRounds "9"]
[EventCountry "SLO"]
[SourceTitle "EXT 2009"]
[Source "ChessBase"]
[SourceDate "2008.11.26"]
[SourceVersion "1"]
[SourceVersionDate "2008.11.26"]
[SourceQuality "1"]

1. e4 c5 2. Nf3 d6 3. g3 g6 4. Bg2 Bg7 5. d4 cxd4 6. Nxd4 Nc6 7. Be3 Bd7 8. 0-0 Nf6 9. h3 0-0 10. Nc3 a6 1/2-1/2

[Event "Bled op 13th"]
[Site "Bled"]
[Date "1992.??.??"]
[Round "1"]
[White "Stavanja, Milan"]
[Black "Babic, Momcilo"]
[Result "1-0"]
[WhiteElo "2265"]
[BlackElo "2310"]
[PlyCount "61"]
[EventDate "1992.03.??"]
[EventType "swiss"]
[EventRounds "9"]
[EventCountry "SLO"]
[SourceTitle "CBM 029"]
[Source "ChessBase"]
[SourceDate "1992.08.01"]
[SourceVersion "1"]
[SourceVersionDate "1992.08.01"]
[SourceQuality "1"]

1. e4 c5 2. Nf3 Nc6 3. g3 b6 4. Bg2 Bb7 5. 0-0 g6 6. d4 cxd4 7. Nxd4 Bg7 8. Be3 Qc7 9. Nc3 d6 10. Nd5 Qd8 11. Nb5 Rc8 12. Bh3 e6 13. Nxb6 axb6 14. Nxd6+ Ke7 15. Nxc8+ Qxc8 16. Bxb6 Ne5 17. Bg2 Nf6 18. Qd4 Ned7 19. Qb4+ Ke8 20. Rfd1 Bf8 21. Qa4 Bc6 22. Qa7 Nxe4 23. Bxe4 Bxe4 24. Rxd7 Qxd7 25. Qb8+ Ke7 26. Bc5+ Kf6 27. Bxf8 Rxf8 28. Qxf8 Qd5 29. Qb4 Bh1 30. f3 Bxf3 31. Rf1 1-0

[Event "Bled op 13th"]
[Site "Bled"]
[Date "1992.??.??"]
[Round "4"]
[White "Toefferl, Heimo"]
[Black "Stavanja, Milan"]
[Result "1-0"]
[WhiteElo "2205"]
[BlackElo "2265"]
[PlyCount "79"]
[EventDate "1992.03.??"]
[EventType "swiss"]
[EventRounds "9"]
[EventCountry "SLO"]
[SourceTitle "CBM 029"]
[Source "ChessBase"]
[SourceDate "1992.08.01"]
[SourceVersion "1"]
[SourceVersionDate "1992.08.01"]
[SourceQuality "1"]

1. d4 Nf6 2. c4 g6 3. f3 Bg7 4. e4 d6 5. Nc3 0-0 6. Be3 Nc6 7. Nge2 a6 8. Qd2 Rb8 9. g4 b5 10. h4 h5 11. Bh6 e5 12. Bxg7 Kxg7 13. d5 Na5 14. g5 Nd7 15. cxb5 axb5 16. Ng3 b4 17. Nd1 c6 18. Ne3 Nc5 19. Rd1 cxd5 20. Nxd5 Nc6 21. Bc4 Nd4 22. Qf2 b3 23. Rxd4 bxa2 24. 0-0 exd4 25. Qxd4+ f6 26. gxf6+ Kh7 27. f4 Nb3 28. Qa7+ Qd7 29. Qxb8 a1Q 30. Rxa1 Nxa1 31. f5 Nc2 32. Qb3 Qa7+ 33. Kg2 Ne1+ 34. Kf1 Qa1 35. fxg6+ Kxg6 36. Kf2 Bg4 37. Qb7 Rf7 38. Nf4+ Kxf6 39. Qxf7+ Ke5 40. Qg7+ 1-0